| 000 | 01176nam a22002777a 4500 | ||
|---|---|---|---|
| 999 |
_c119954 _d119954 |
||
| 003 | dpl | ||
| 005 | 20190104162909.0 | ||
| 008 | 190104b ||||| |||| 00| 0 eng d | ||
| 010 | _aB-048713 | ||
| 020 |
_c400.00 _a8188122076 |
||
| 035 | _aB-048713 b-048717 | ||
| 037 | _bCen Lib/Ret | ||
| 040 |
_aDPL _bHN _c0 |
||
| 082 |
_a821 _bहास्यवि |
||
| 245 |
_aहास्य-विवाद : _cसंपादक प्रेमकिशोर _bकाव्य कोश / |
||
| 246 |
_aHasye-vivad : kavye kosh / _bsampadak Premkishore |
||
| 260 |
_aनयी दिल्ली _bभारतीय प्रकाशन संस्थान _c2001 |
||
| 270 |
_bनयी दिल्ली _a24/4855, अंसारी रोड, दरियागंज _e110002 |
||
| 300 |
_a414पृ. _c20सेमी(सजिल्द) |
||
| 650 |
_aहिन्दी -- साहित्य _987837 |
||
| 650 |
_aहिन्दी -- काव्य _9779 |
||
| 650 |
_aHindi literature _987838 |
||
| 650 |
_aHindi - Poetry _987839 |
||
| 700 |
_aप्रेमकिशोर _943304 |
||
| 942 |
_2ddc _cHN _h821 _mहास्यवि |
||